Costa Rica y sus hechos políticos de 1948 : problemática de una época /
Uloženo v:
| Hlavní autor: | |
|---|---|
| Médium: | Neznámo |
| Jazyk: | Spanish |
| Vydáno: |
San José, Costa Rica :
Editorial Universitaria Centroamericana,
1974.
|
| Témata: | |
| Tagy: |
Přidat tag
Žádné tagy, Buďte první, kdo vytvoří štítek k tomuto záznamu!
|
MARC
| LEADER | 000000000a22000000004500 | ||
|---|---|---|---|
| 001 | 006563 | ||
| 041 | 0 | |a spa | |
| 082 | 0 | 4 | |a 972.860.5 |b A283c |
| 100 | 1 | |a Aguilar Bulgarelli, Oscar R. | |
| 245 | 1 | 0 | |a Costa Rica y sus hechos políticos de 1948 : |b problemática de una época / |c Oscar R. Aguilar Bulgarelli. |
| 260 | 1 | |a San José, Costa Rica : |b Editorial Universitaria Centroamericana, |c 1974. | |
| 300 | |a 568 páginas ; |b 17 x 12 cm. | ||
| 650 | 4 | |a COSTA RICA | |
| 650 | 4 | |a HISTORIA | |
| 650 | 4 | |a REVOLUCION DE 1948 | |
| 650 | 4 | |a POLITICA Y GOBIERNO 1821-1948 | |
| 650 | 4 | |a POLITICA Y GOBIERNO 1948-1986 | |
| 999 | |c 12061 |d 12061 | ||
| 942 | |c BK |h 972.860.5 A283c |2 z | ||
